| 000 | 00693nam a2200301Ia 4500 | ||
|---|---|---|---|
| 005 | 20260401122425.0 | ||
| 008 | 008 250103s9999 xx 000 0 eng d | ||
| 020 | _a9780415290036 | ||
| 037 | _aTB | ||
| 040 | _aEDL | ||
| 040 | _beng | ||
| 040 | _cEDL | ||
| 041 | _2eng | ||
| 041 | _aeng | ||
| 084 | _a823 LOD | ||
| 084 | _qEDL | ||
| 100 |
_aLodge, David _91233569 |
||
| 245 | 0 | _aLanguage of fiction : Essays in criticism and verbal analysis of the English novel | |
| 245 | 0 | _cLodge, David | |
| 260 | _aLondon | ||
| 260 | _bRoutledge | ||
| 260 | _c2002 | ||
| 300 | _a323p | ||
| 942 | _cTB | ||
| 942 | _h823 LOD | ||
| 999 |
_c1847179 _d1847179 |
||